Statistics for Countries that are not outlined on Google Maps

Click here to take the quiz!

General Stats

  • This quiz has been taken 10 times
  • The average score is 26 of 43

Answer Stats

ContinentCountry% Correct
AfricaEgypt
88%
AfricaEthiopia
88%
AfricaSouth Sudan
88%
AfricaSudan
88%
EuropeUkraine
88%
S. AmericaArgentina
75%
N. AmericaBelize
75%
S. AmericaChile
75%
AsiaChina
75%
AsiaCyprus
75%
S. AmericaGuyana
75%
AsiaIndia
75%
AsiaPakistan
75%
S. AmericaSuriname
75%
S. AmericaVenezuela
75%
AsiaAzerbaijan
63%
AsiaGeorgia
63%
N. AmericaGuatemala
63%
AsiaIran
63%
AsiaIsrael
63%
AsiaJapan
63%
AfricaKenya
63%
EuropeKosovo
63%
AfricaSomalia
63%
AsiaSyria
63%
AsiaTaiwan
63%
AsiaTurkey
63%
AsiaBhutan
50%
EuropeGreece
50%
AfricaMorocco
50%
AsiaNepal
50%
AsiaNorth Korea
50%
EuropeSerbia
50%
AsiaSouth Korea
50%
AfricaTanzania
50%
AsiaUnited Arab Emirates
50%
EuropeVatican City
50%
AsiaPhilippines
38%
EuropeSpain
38%
AsiaTajikistan
38%
AsiaVietnam
38%
AsiaKyrgyzstan
25%
AfricaMalawi
25%

Score Distribution

Percentile by Number Answered

Percent of People with Each Score

Your Score History

You have not taken this quiz